000 00520nam a2200181Ia 4500
005 20250508165737.0
008 008 250505s9999 xx 000 0 eng d
037 _aPeriodicals
040 _aFEDL
_beng
_cFEDL
041 _aeng
_2eng
084 _a530, CHE
_qFEDL
100 _aChen Min
245 0 _aUniversity of califorinia berkeley : physics problesm with solution
260 _aEnglewood Chiffs, USA
_bPrentice Hall
_c1974
300 _a356p.
942 _cCR
_h530, CHE
999 _c1397187
_d1397187